Movies Quiz

Random Movies or Disney Quiz

Complete the Disney Movie Title Quiz Stats

 Plays Quiz Updated Nov 21, 2018

Challenge
Share
Tweet
Embed
Score 0/35 Timer 02:00
5 Plays Today
% Correct
Alice
87.2%
Winnie
87.1%
Dwarfs
87.1%
Beast
87%
Dalmatians
86.8%
Peter
86.7%
Robin
86.7%
Lilo
86.4%
Tramp
85.8%
Hunchback
85.6%
Lion
85%
Jungle
84.1%
Fox
83.8%
Stone
83.5%
Mermaid
82%
Groove
81.4%
Bear
80.5%
Frog
79.8%
% Correct
Sleeping
79.2%
Range
77.9%
Chicken
77.6%
Robinsons
76.4%
Atlantis
75.7%
Mouse
71.1%
Company
67.9%
2000
67.5%
Planet
64.6%
Rescuers
62.8%
Cauldron
62.6%
Fancy
59.8%
Toad
53%
Amigos
51.2%
Caballeros
43.1%
Music
39.4%
Internet
33%

You're not logged in!

Compare scores with friends on all Sporcle quizzes.
OR
Log In

You Might Also Like...

Show Comments

Extras

Top Quizzes Today


Score Distribution

Your Account Isn't Verified!

In order to create a playlist on Sporcle, you need to verify the email address you used during registration. Go to your Sporcle Settings to finish the process.

Report this User

Report this user for behavior that violates our Community Guidelines.

Details: